Curso breve de derecho romano
Gespeichert in:
| 1. Verfasser: | |
|---|---|
| Format: | Buch |
| Sprache: | Spanisch |
| Veröffentlicht: |
Córdoba
Francisco Ferreyra
1998
|
| Schlagworte: | |
| Tags: |
Tag hinzufügen
Keine Tags, Fügen Sie den ersten Tag hinzu!
|
MARC
| LEADER | 00000nam a2200000 a 4500 | ||
|---|---|---|---|
| 001 | UCK7053 | ||
| 003 | CL-VaPUC | ||
| 008 | 051028e19980000AG |||||||||||||||||spa|d | ||
| 082 | 0 | 4 | |a 340.54 |b ROL |2 21 |
| 100 | 0 | |a Rolfo de Costamagna, María Luisa |e author |9 496521 | |
| 245 | 1 | 0 | |a Curso breve de derecho romano |
| 300 | |a 97 p | ||
| 942 | |c BK | ||
| 945 | |d 20051028 00:00:00 |a jcarroza | ||
| 260 | |a Córdoba |b Francisco Ferreyra |c 1998 | ||
| 650 | 0 | |a Historia del derecho |9 255109 | |
| 650 | 0 | |a Derecho romano |9 255930 | |
| 650 | 0 | |a Derecho argentino |9 385298 | |
| 583 | |a last modification |c 20051028 00:00:00 |k Rodrigo Vera | ||
| 999 | |c 315146 |d 315144 | ||
| 952 | |0 0 |1 0 |4 0 |6 340_540000000000000_ROL_1998 |7 0 |8 DER_ROM |9 388102 |a BIBDER |b BIBDER |d 2019-11-22 |i 4179471 |o 340.54 ROL 1998 |p 4179471 |r 2023-01-25 |w 2019-11-22 |x Ubicación 4to piso |y BK |z Este recurso debe solicitarse con anticipación |k DER | ||